| 000 | 00844nam a22002057a 4500 | ||
|---|---|---|---|
| 999 |
_c12324 _d12324 |
||
| 003 | AR-CdUCM | ||
| 008 | 190408b ||||| |||| 00| 0 spa d | ||
| 040 |
_aMUNICIPALIDAD PROVINCIAL DEL CUSCO _cBIBLIOTECA MUNICIPAL DEL CUSCO |
||
| 082 |
_a828.6 / _bG6 / 1890 |
||
| 100 |
_aGóldmith, Oliver _930131 |
||
| 245 | _aEl vicario de Wakefield / | ||
| 260 |
_aParís : _bGarnier Hermanos, _c1890. |
||
| 300 |
_a275 páginas ; _c18 cm. |
||
| 505 | _aContenido: La familia de Wakefield, semejanza moral y física entre las personas que la componen -- Desgracia, la perdida de las riquezas solo sirve para aumentar el noble orgullo del que las desprecia -- Emigración ... | ||
| 650 |
_aNovelas inglesas _91158 |
||
| 650 |
_aSiglo XVIII. _9837 |
||
| 700 |
_aDomínguez, Manuel (traductor) _930132 |
||
| 942 |
_2ddc _cLIBROS |
||
| 945 |
_aacv _d08/04/2019 |
||